[Event "Kolkata DBCA op 5th"]
[Site "Kolkata"]
[Date "2024.04.11"]
[Round "1"]
[White "Paul, Agnimitra"]
[Black "Mitra, Swapan"]
[Result "0-1"]
[WhiteElo "1449"]
[BlackElo "1940"]
[PlyCount "66"]
[EventDate "2024.04.11"]
[EventType "swiss"]
[EventRounds "9"]
[EventCountry "IND"]
[SourceTitle "CB17_2024"]
[SourceDate "2024.04.24"]
[SourceVersion "1"]
[SourceVersionDate "2024.04.24"]
[SourceQuality "1"]

1. e4 c6 2. d4 g6 3. Nf3 Bg7 4. c4 d6 5. Nc3 Bg4 6. Be2 Bxf3 7. Bxf3 Qb6 8. Ne2 Qb4+ 9. Bd2 Qxc4 10. Bc3 Qa6 11. 0-0 Nd7 12. Bg4 Ngf6 13. Bxd7+ Nxd7 14. d5 Bxc3 15. Nxc3 c5 16. f4 0-0 17. b3 c4 18. Qd4 Rfc8 19. Rfc1 Rc7 20. b4 b5 21. a4 bxa4 22. Rxa4 Qb7 23. Rca1 f6 24. b5 Nc5 25. Rxc4 Nb3 26. Rxc7 Qxc7 27. b6 Qb7 28. Qa4 Qxb6+ 29. Kf1 Nxa1 30. Qxa1 Qd4 31. Qe1 Rc8 32. Nb5 Qd3+ 33. Qe2 Rc1+ 0-1

[Event "Kolkata Bengal op"]
[Site "Kolkata"]
[Date "2019.03.20"]
[Round "9"]
[White "Mitra, Swapan"]
[Black "Arpan, Das Jr"]
[Result "1/2-1/2"]
[WhiteElo "2097"]
[BlackElo "2147"]
[PlyCount "74"]
[EventDate "2019.03.15"]
[EventType "swiss"]
[EventRounds "9"]
[EventCountry "IND"]
[SourceTitle "CBM 190 Extra"]
[Source "ChessBase"]
[SourceDate "2019.07.15"]
[SourceVersion "1"]
[SourceVersionDate "2019.07.15"]
[SourceQuality "1"]

1. d4 Nf6 2. g3 c5 3. Nf3 cxd4 4. Nxd4 d5 5. Bg2 e5 6. Nb3 Be7 7. f4 e4 8. Nd4 Nc6 9. c3 Qb6 10. e3 Bg4 11. Qb3 Nxd4 12. Qxb6 axb6 13. exd4 Bd7 14. Bf1 h5 15. h3 0-0 16. Be3 b5 17. b4 Ra6 18. Be2 Rfa8 19. a3 g6 20. Kd2 Ne8 21. Kc2 Nd6 22. Kd2 Nc4+ 23. Bxc4 bxc4 24. Kc2 Rf6 25. Nd2 Bd6 26. h4 Be7 27. Kb2 Rfa6 28. Nf1 Bg4 29. Bd2 Rd8 30. Ne3 Bf3 31. Rhg1 b5 32. Ra2 Kg7 33. a4 bxa4 34. Rga1 Rda8 35. Nxd5 Be2 36. Ra3 Bd3 37. Re1 Rc8 1/2-1/2

[Event "Kolkata Bengal op"]
[Site "Kolkata"]
[Date "2019.03.16"]
[Round "3"]
[White "Mitra, Swapan"]
[Black "Shounak, Mazumder"]
[Result "1-0"]
[WhiteElo "2097"]
[BlackElo "1472"]
[PlyCount "159"]
[EventDate "2019.03.15"]
[EventType "swiss"]
[EventRounds "9"]
[EventCountry "IND"]
[SourceTitle "CBM 190 Extra"]
[Source "ChessBase"]
[SourceDate "2019.07.15"]
[SourceVersion "1"]
[SourceVersionDate "2019.07.15"]
[SourceQuality "1"]

1. Nf3 d5 2. e3 Nf6 3. b3 e6 4. Bb2 Be7 5. d3 c5 6. Nbd2 Nc6 7. g3 b6 8. Bg2 Bb7 9. 0-0 0-0 10. Qe2 Qc7 11. c4 dxc4 12. dxc4 Rad8 13. Rfd1 Rd7 14. Ne1 Rfd8 15. Ne4 Rxd1 16. Rxd1 Rxd1 17. Qxd1 Nxe4 18. Bxe4 Qd8 19. Qb1 h6 20. Qa1 Bf6 21. Bxf6 Qxf6 22. Qxf6 gxf6 23. Bxc6 Bxc6 24. f3 f5 25. Kf2 Kg7 26. Nd3 Kf6 27. Ke2 Bb7 28. Nf2 Ke5 29. f4+ Kf6 30. Kd3 Ke7 31. Kc3 Bf3 32. Kd3 Bb7 33. g4 fxg4 34. Nxg4 f5 35. Ne5 Be4+ 36. Kc3 Kd6 37. a3 a5 38. b4 a4 39. b5 Ke7 40. Kd2 Ke8 41. Ke2 Ke7 42. Kf2 Bc2 43. Kg3 Bd1 44. Nd3 Ke8 45. Nb2 Bc2 46. Kf2 Ke7 47. Ke2 Ke8 48. Kd2 Bb3 49. Kc3 Ke7 50. Nd3 Ke8 51. Nc1 Bd1 52. Kd2 Bf3 53. Nd3 Kd8 54. Nb2 Kc7 55. Nxa4 Bh5 56. Nb2 Kd7 57. Nd3 Kd8 58. a4 Kc7 59. Nc1 Kb7 60. Nb3 Kc7 61. a5 bxa5 62. Nxc5 Bf7 63. Kc3 Kb6 64. Na4+ Kc7 65. Kd4 Kd6 66. Nc5 Kc7 67. Ke5 Bh5 68. Nxe6+ Kb6 69. Kd6 a4 70. c5+ Kxb5 71. Nd4+ Ka6 72. c6 Be8 73. Nc2 Kb6 74. c7 Kb7 75. Na3 h5 76. h4 Kc8 77. Nc4 Bb5 78. Nb6+ Kb7 79. c8Q+ Kxb6 80. Qc7+ 1-0

[Event "Kolkata Bengal op"]
[Site "Kolkata"]
[Date "2019.03.16"]
[Round "2"]
[White "Sneha, Halder"]
[Black "Mitra, Swapan"]
[Result "0-1"]
[WhiteElo "1328"]
[BlackElo "2097"]
[PlyCount "144"]
[EventDate "2019.03.15"]
[EventType "swiss"]
[EventRounds "9"]
[EventCountry "IND"]
[SourceTitle "CBM 190 Extra"]
[Source "ChessBase"]
[SourceDate "2019.07.15"]
[SourceVersion "1"]
[SourceVersionDate "2019.07.15"]
[SourceQuality "1"]

1. d4 d6 2. c4 c5 3. dxc5 dxc5 4. Qxd8+ Kxd8 5. Nc3 Nc6 6. Bf4 e5 7. Bg3 Be6 8. e3 Nh6 9. 0-0-0+ Ke8 10. Nf3 f6 11. Be2 Be7 12. Nb5 Rc8 13. Nd6+ Bxd6 14. Rxd6 Ke7 15. Rhd1 Nf7 16. R6d2 Rc7 17. Ne1 Ng5 18. f3 Rhc8 19. Nc2 Rd7 20. Rxd7+ Bxd7 21. Bf2 e4 22. f4 Ne6 23. Na3 Nb4 24. Kb1 a6 25. Nc2 Nc6 26. Na3 Ned8 27. Ka1 Nb4 28. Kb1 Bc6 29. Nc2 Nxc2 30. Kxc2 Nf7 31. Bg4 Rg8 32. Be2 Nd6 33. g4 g6 34. Bg3 f5 35. g5 b5 36. cxb5 Bxb5 37. Bxb5 axb5 38. Rd5 Rc8 39. Re5+ Kd7 40. Rd5 Kc6 41. Rd1 Nc4 42. Bf2 Ra8 43. a3 Rb8 44. Kc3 Nb6 45. b3 Ra8 46. Kb2 Nd5 47. Rc1 Rd8 48. Rd1 Rd7 49. Bg1 Rc7 50. Rc1 Kd6 51. Bf2 Ke6 52. Bg1 b4 53. a4 Nb6 54. h4 c4 55. Bf2 Rd7 56. Rc2 Rd3 57. a5 c3+ 58. Kc1 Na8 59. Ra2 Rd5 60. Ra4 Rb5 61. a6 Kd6 62. a7 Kc7 63. Ra6 Kb7 64. Rd6 Kxa7 65. Rd7+ Rb7 66. Rd5 Nb6 67. Rd4 Nd7 68. Kc2 Nc5 69. Rd5 Kb6 70. Rd6+ Kb5 71. Rd5 Ra7 72. Kb1 c2+ 0-1

[Event "Kolkata Bengal op"]
[Site "Kolkata"]
[Date "2019.03.15"]
[Round "1"]
[White "Mitra, Swapan"]
[Black "Saparya, Ghosh"]
[Result "1-0"]
[WhiteElo "2097"]
[BlackElo "1109"]
[PlyCount "79"]
[EventDate "2019.03.15"]
[EventType "swiss"]
[EventRounds "9"]
[EventCountry "IND"]
[SourceTitle "CBM 190 Extra"]
[Source "ChessBase"]
[SourceDate "2019.07.15"]
[SourceVersion "1"]
[SourceVersionDate "2019.07.15"]
[SourceQuality "1"]

1. Nf3 d5 2. b3 Bf5 3. Bb2 h6 4. g3 e6 5. Bg2 Nf6 6. d3 c5 7. e3 Bd6 8. Nbd2 Bh7 9. 0-0 0-0 10. Re1 Nbd7 11. e4 dxe4 12. dxe4 Bc7 13. Qe2 Qe7 14. Red1 Rad8 15. a4 a6 16. a5 e5 17. Nh4 Rfe8 18. Nc4 Nf8 19. Nf5 Bxf5 20. exf5 Rb8 21. Rd2 e4 22. Re1 Rbd8 23. Rxd8 Bxd8 24. Rd1 Bc7 25. f3 exf3 26. Qxe7 Rxe7 27. Bxf3 Bb8 28. Rd8 Bc7 29. Rc8 Ne8 30. Bxb7 Nd6 31. Nxd6 Bxd6 32. Bxa6 Ra7 33. Rc6 Be7 34. Bc3 Nd7 35. Rc8+ Kh7 36. Bc4 Bf6 37. Bxf7 h5 38. Bg6+ Kh6 39. Bd2+ Bg5 40. Rh8# 1-0

[Event "IND-chB 37th"]
[Site "Mumbai"]
[Date "1999.??.??"]
[Round "12"]
[White "Ramesh, Ramachandran B"]
[Black "Mitra, Swapan"]
[Result "1-0"]
[WhiteElo "2474"]
[BlackElo "2252"]
[PlyCount "45"]
[EventDate "1999.08.17"]
[EventType "swiss"]
[EventRounds "12"]
[EventCountry "IND"]
[SourceTitle "EXT 2002"]
[Source "ChessBase"]
[SourceDate "2001.11.25"]
[SourceVersion "1"]
[SourceVersionDate "2001.11.25"]
[SourceQuality "1"]

1. e4 c6 2. d4 g6 3. Nc3 d5 4. Nf3 Bg7 5. h3 Nh6 6. Bd3 0-0 7. Qe2 f6 8. exd5 Nf7 9. dxc6 Nxc6 10. 0-0 e5 11. dxe5 Nfxe5 12. Nxe5 Nxe5 13. Be4 f5 14. Bd5+ Kh8 15. Bf4 Nc6 16. Rad1 Qa5 17. Bd6 Rd8 18. Bxc6 bxc6 19. Be5 Bxe5 20. Rxd8+ Qxd8 21. Qxe5+ Kg8 22. Rd1 Qf8 23. Nd5 1-0

[Event "Kolkata op2"]
[Site "Kolkata"]
[Date "1994.??.??"]
[Round "?"]
[White "Mitra, Swapan"]
[Black "Dhar Barua, Saheli"]
[Result "1-0"]
[WhiteElo "2260"]
[BlackElo "2115"]
[PlyCount "91"]
[EventDate "1994.??.??"]
[EventType "swiss"]
[EventRounds "11"]
[EventCountry "IND"]
[SourceTitle "EXT 1997"]
[Source "ChessBase"]
[SourceDate "1996.11.15"]
[SourceVersion "1"]
[SourceVersionDate "1996.11.15"]
[SourceQuality "1"]

1. g3 Nf6 2. Bg2 g6 3. c4 Bg7 4. Nc3 d6 5. e4 0-0 6. Nge2 e5 7. 0-0 Be6 8. d3 Nc6 9. f4 exf4 10. Nxf4 Qd7 11. h3 Qe7 12. Kh2 h5 13. Nxe6 fxe6 14. Bg5 Ng4+ 15. Qxg4 hxg4 16. Bxe7 Nxe7 17. hxg4 Be5 18. Nb5 c5 19. Nc7 Rab8 20. Nxe6 Rxf1 21. Rxf1 Bxb2 22. g5 Nc6 23. Rb1 Bc3 24. e5 Nxe5 25. Bd5 Ng4+ 26. Kh3 Ne3 27. Rxb7 Rxb7 28. Bxb7 Nc2 29. Be4 Nb4 30. a3 Nd5 31. cxd5 a5 32. a4 Be1 33. Kg4 Kf7 34. Kf3 Ke7 35. g4 Bd2 36. Ke2 Bc1 37. Kd1 Be3 38. Kc2 Bf2 39. Kc3 Be3 40. Kc4 Bc1 41. Kb5 Bd2 42. Kb6 Bc3 43. Kc7 Bd2 44. Nd8 Bxg5 45. Nc6+ Ke8 46. Kxd6 1-0

[Event "Goodricke op 05th"]
[Site "Kolkata"]
[Date "1994.??.??"]
[Round "3"]
[White "Mitra, Swapan"]
[Black "Shetty, Rahul"]
[Result "1/2-1/2"]
[WhiteElo "2260"]
[BlackElo "2340"]
[PlyCount "50"]
[EventDate "1994.02.??"]
[EventType "swiss"]
[EventRounds "11"]
[EventCountry "IND"]
[SourceTitle "CBM 039 Extra"]
[Source "ChessBase"]
[SourceDate "1994.05.01"]
[SourceVersion "1"]
[SourceVersionDate "1994.05.01"]
[SourceQuality "1"]

1. Nf3 d5 2. d4 c6 3. e3 Nf6 4. Be2 Bg4 5. 0-0 Nbd7 6. b3 e6 7. Bb2 Bd6 8. c4 0-0 9. Nbd2 Qe7 10. Ne5 Bxe2 11. Qxe2 Rad8 12. Nxd7 Rxd7 13. Rad1 a6 14. e4 Nxe4 15. Nxe4 dxe4 16. Qxe4 Qg5 17. f4 Qg6 18. Qe2 Rfd8 19. Rd3 Bf8 20. Rg3 Qf5 21. Rg5 Qf6 22. d5 Qe7 23. Qe5 f6 24. Qxf6 exd5 25. Qxe7 Bxe7 1/2-1/2

[Event "Goodricke op 04th"]
[Site "Kolkata"]
[Date "1993.??.??"]
[Round "10"]
[White "Mitra, Swapan"]
[Black "Ravisekhar, Raja"]
[Result "1/2-1/2"]
[WhiteElo "2230"]
[BlackElo "2405"]
[PlyCount "60"]
[EventDate "1993.02.??"]
[EventType "swiss"]
[EventRounds "11"]
[EventCountry "IND"]
[SourceTitle "EXT 1998"]
[Source "ChessBase"]
[SourceDate "1997.11.17"]
[SourceVersion "1"]
[SourceVersionDate "1997.11.17"]
[SourceQuality "1"]

1. Nf3 Nf6 2. b3 c5 3. Bb2 e6 4. e3 Be7 5. Be2 0-0 6. 0-0 b6 7. c4 Bb7 8. Nc3 d5 9. cxd5 exd5 10. d4 Nbd7 11. Rc1 Rc8 12. Ne5 Nxe5 13. dxe5 Ne8 14. Bg4 Rb8 15. Qd2 Nc7 16. Rfd1 f6 17. Bf3 fxe5 18. Bxd5+ Nxd5 19. Nxd5 Bf6 20. Nxf6+ gxf6 21. Qe2 Qe7 22. Qg4+ Qg7 23. Qxg7+ Kxg7 24. Rd7+ Rf7 25. Rcd1 Re8 26. R1d6 Bc8 27. Rxf7+ Kxf7 28. f4 exf4 29. Rxf6+ Kg8 30. Rxf4 Rxe3 1/2-1/2

[Event "Kolkata"]
[Site "Kolkata"]
[Date "1988.??.??"]
[Round "?"]
[White "Mitra, Swapan"]
[Black "Arencibia Rodriguez, Walter"]
[Result "0-1"]
[WhiteElo "2280"]
[BlackElo "2445"]
[PlyCount "90"]
[EventDate "1988.04.??"]
[EventType "tourn"]
[EventRounds "13"]
[EventCountry "IND"]
[EventCategory "8"]
[SourceTitle "EXT 1997"]
[Source "ChessBase"]
[SourceDate "1996.11.15"]
[SourceVersion "1"]
[SourceVersionDate "1996.11.15"]
[SourceQuality "1"]

1. Nf3 f5 2. g3 Nf6 3. Bg2 g6 4. 0-0 Bg7 5. d4 0-0 6. c4 d6 7. Nc3 Nc6 8. d5 Na5 9. Qd3 c5 10. Ng5 Rb8 11. Rb1 Ne8 12. b4 cxb4 13. Rxb4 Nc7 14. Be3 Na6 15. Rbb1 Nc5 16. Bxc5 dxc5 17. Na4 Bf6 18. Ne6 Bxe6 19. dxe6 Qxd3 20. exd3 b6 21. Rb5 Rbc8 22. Re1 Rfd8 23. Bd5 Nc6 24. a3 Nd4 25. Rbb1 Rxd5 26. cxd5 Nf3+ 27. Kf1 Nxe1 28. Kxe1 Rd8 29. Kd2 Rxd5 30. Nc3 Bxc3+ 31. Kxc3 Re5 32. a4 Rxe6 33. a5 Re2 34. f4 bxa5 35. Ra1 Rxh2 36. Rxa5 Rg2 37. Rxa7 Kf7 38. Rc7 Rxg3 39. Rxc5 Rg4 40. Rc4 h5 41. Kd2 h4 42. Ke3 h3 43. Rc1 h2 44. Rh1 Rh4 45. Kf2 Rxf4+ 0-1

[Event "Kolkata"]
[Site "Kolkata"]
[Date "1988.??.??"]
[Round "?"]
[White "Mitra, Swapan"]
[Black "Barua, Dibyendu"]
[Result "0-1"]
[WhiteElo "2280"]
[BlackElo "2480"]
[PlyCount "78"]
[EventDate "1988.04.??"]
[EventType "tourn"]
[EventRounds "13"]
[EventCountry "IND"]
[EventCategory "8"]
[SourceTitle "EXT 1997"]
[Source "ChessBase"]
[SourceDate "1996.11.15"]
[SourceVersion "1"]
[SourceVersionDate "1996.11.15"]
[SourceQuality "1"]

1. d4 d5 2. Nf3 Nf6 3. g3 c5 4. Bg2 cxd4 5. 0-0 g6 6. Nxd4 Bg7 7. c4 0-0 8. cxd5 Nxd5 9. Nc3 Nxc3 10. bxc3 Qa5 11. Qb3 Nc6 12. Be3 Qa6 13. Rab1 Bf6 14. Rfe1 Rd8 15. Rbd1 Bd7 16. Rb1 Bc8 17. Bf3 e5 18. Nb5 Qa5 19. c4 Bf5 20. Rbc1 e4 21. Bg2 Rac8 22. Nc3 Re8 23. Nd5 Be5 24. Red1 Qa6 25. Bf4 Bxf4 26. gxf4 Na5 27. Qa4 Re6 28. c5 Nc6 29. Qxa6 bxa6 30. e3 Kf8 31. Rd2 h6 32. Bf1 a5 33. Rb2 g5 34. fxg5 Rg6 35. h4 hxg5 36. h5 Rh6 37. Be2 Rd8 38. Nc3 g4 39. Kg2 Rxh5 0-1

[Event "Kolkata"]
[Site "Kolkata"]
[Date "1988.??.??"]
[Round "?"]
[White "Mitra, Swapan"]
[Black "Murshed, Niaz"]
[Result "0-1"]
[WhiteElo "2280"]
[BlackElo "2455"]
[PlyCount "98"]
[EventDate "1988.04.??"]
[EventType "tourn"]
[EventRounds "13"]
[EventCountry "IND"]
[EventCategory "8"]
[SourceTitle "EXT 1997"]
[Source "ChessBase"]
[SourceDate "1996.11.15"]
[SourceVersion "1"]
[SourceVersionDate "1996.11.15"]
[SourceQuality "1"]

1. d4 Nf6 2. c4 c5 3. d5 e6 4. Nc3 exd5 5. cxd5 d6 6. e4 g6 7. f4 Bg7 8. Bb5+ Nfd7 9. a4 0-0 10. Nf3 Na6 11. 0-0 Nc7 12. Bc4 a6 13. Re1 Re8 14. e5 Nb6 15. Ba2 Bg4 16. a5 Nd7 17. Ne4 dxe5 18. Nd6 Rf8 19. h3 Bxf3 20. Qxf3 Nb5 21. Nxb7 Qb8 22. d6 Ra7 23. Nxc5 Nxc5 24. fxe5 Nd7 25. Bf4 Nd4 26. Qc3 Ne6 27. Bg3 Rc8 28. Qd2 Qb5 29. Bd5 Rc5 30. Rad1 Bh6 31. Qf2 Ndf8 32. b4 Qxb4 33. Bxe6 fxe6 34. Rf1 Rd7 35. Rb1 Qe4 36. Kh2 Rc2 37. Qf3 Qxf3 38. Rxf3 Rc8 39. Rb6 Ra7 40. Rfb3 Nd7 41. Rb7 Rxb7 42. Rxb7 Rd8 43. Ra7 Bg7 44. Rxa6 Bxe5 45. Ra7 Bxg3+ 46. Kxg3 e5 47. Rb7 Kf7 48. a6 Ke6 49. Kf3 Ra8 0-1

[Event "Kolkata"]
[Site "Kolkata"]
[Date "1988.??.??"]
[Round "?"]
[White "Mitra, Swapan"]
[Black "Murugan, Krishnamoorthy"]
[Result "1/2-1/2"]
[WhiteElo "2280"]
[BlackElo "2325"]
[PlyCount "122"]
[EventDate "1988.04.??"]
[EventType "tourn"]
[EventRounds "13"]
[EventCountry "IND"]
[EventCategory "8"]
[SourceTitle "EXT 1997"]
[Source "ChessBase"]
[SourceDate "1996.11.15"]
[SourceVersion "1"]
[SourceVersionDate "1996.11.15"]
[SourceQuality "1"]

1. Nf3 c5 2. c4 Nf6 3. Nc3 g6 4. g3 Bg7 5. Bg2 Nc6 6. 0-0 0-0 7. d4 cxd4 8. Nxd4 Ng4 9. e3 d6 10. Nxc6 bxc6 11. Bxc6 Rb8 12. Bg2 Ne5 13. Qa4 Qd7 14. Qc2 Nxc4 15. b3 Ne5 16. Bb2 Ba6 17. Rfd1 Rfe8 18. Rac1 Red8 19. Qe4 Bb7 20. Qa4 Nf3+ 21. Bxf3 Bxf3 22. Qxd7 Rxd7 23. Rd3 f5 24. Na4 e5 25. Kf1 Rbd8 26. Ke1 Kf7 27. Rdc3 g5 28. Rc8 Rxc8 29. Rxc8 Bf6 30. Ba3 Bb7 31. Rc1 Ke6 32. Bb4 Bd8 33. Rd1 Bc7 34. Rc1 h5 35. Nb2 h4 36. Nc4 hxg3 37. hxg3 Rh7 38. Kd2 g4 39. Ba5 Bb8 40. Na3 Rh2 41. Ke1 f4 42. exf4 exf4 43. gxf4 Bf3 44. Nb5 d5 45. Bc7 Bxc7 46. Rxc7 Kf5 47. Rxa7 Ke4 48. Re7+ Kxf4 49. Nc3 Rh1+ 50. Kd2 Rf1 51. Ne2+ Kg5 52. Ke3 Ra1 53. a4 Rb1 54. Re5+ Kf6 55. Kf4 Rxb3 56. Rf5+ Kg6 57. Nd4 Rb4 58. Ke5 Rxd4 59. Rxf3 Rxa4 60. Rg3 Kh5 61. f3 gxf3 1/2-1/2